[Event "DEM U10"]
[Site "Willingen"]
[Date "2006.06.07"]
[Round "8.37"]
[White "Manusina, Nicole"]
[Black "Lagunov, Elina"]
[Result "0-1"]
[WhiteElo "1110"]
[BlackElo "857"]
[PlyCount "110"]
[EventDate "2006.??.??"]
[EventType "swiss"]
[EventRounds "11"]
[EventCountry "GER"]

1. d4 Nf6 2. c4 g6 3. Nc3 Bg7 4. e4 d6 5. f3 O-O 6. Be3 Nbd7 7. Qd2 Re8 8. Bh6
Bh8 9. g4 e5 10. d5 Nc5 11. h4 a5 12. Bg5 c6 13. h5 gxh5 14. Rxh5 Rb8 15. Nge2
Qc7 16. Bxf6 Bxf6 17. Qh6 Qe7 18. Qxh7+ Kf8 19. O-O-O Bd7 20. Ng3 Rec8 21. Kb1
a4 22. g5 Bg7 23. g6 fxg6 24. Qxg6 Qf7 25. Qxf7+ Kxf7 26. Bh3 Bxh3 27. Rxh3 b5
28. Nf5 Bf8 29. dxc6 Rxc6 30. cxb5 Rcb6 31. Rh4 Ra8 32. Nd5 Rb7 33. Re1 Raa7
34. f4 a3 35. Rh7+ Ke6 36. Rxb7 Rxb7 37. Nc3 axb2 38. Kxb2 Nd3+ 39. Kb3 Nxe1
40. a4 exf4 41. Nd4+ Kd7 42. Kb4 Bg7 43. Nde2 Nd3+ 44. Kc4 Ne5+ 45. Kd5 f3 46.
Ng3 Ng4 47. Nd1 Ra7 48. b6 Rxa4 49. b7 Rb4 50. b8=Q Rxb8 51. Nf1 Rb1 52. Nde3
Nxe3+ 53. Nxe3 f2 54. Nf5 f1=Q 55. Nxg7 Qd3# 0-1

[Event "DEM U10"]
[Site "Willingen"]
[Date "2006.06.07"]
[Round "8.38"]
[White "Neumann, Florian"]
[Black "Schmalhorst, Sophia"]
[Result "0-1"]
[WhiteElo "1037"]
[BlackElo "879"]
[PlyCount "92"]
[EventDate "2006.??.??"]
[EventType "swiss"]
[EventRounds "11"]
[EventCountry "GER"]

1. e4 e5 2. Nf3 Nc6 3. Bc4 Nf6 4. Ng5 d5 5. exd5 Na5 6. Bb5+ c6 7. dxc6 bxc6 8.
Ba4 h6 9. Nf3 e4 10. Ne5 Qc7 11. d4 Bd6 12. Bf4 O-O 13. O-O c5 14. Nc3 Bf5 15.
Nb5 Qb6 16. c4 Rad8 17. Qd2 Bxe5 18. Bxe5 Nxc4 19. Qc3 Nxe5 20. dxe5 Nd7 21.
Rfd1 Rfe8 22. Rd5 Re7 23. Rad1 Be6 24. Rd6 Qb8 25. Qxc5 Nxc5 26. Rxd8+ Qxd8 27.
Rxd8+ Kh7 28. b3 Nxa4 29. bxa4 Bxa2 30. Ra8 Rxe5 31. Rxa7 f5 32. Nd6 f4 33. a5
Re6 34. Rd7 e3 35. fxe3 fxe3 36. Kf1 Bb1 37. Ke1 Bd3 38. Nf7 Bb5 39. Rd8 Ra6
40. Re8 e2 41. Re5 Rxa5 42. h4 Ra1+ 43. Kf2 Rf1+ 44. Kg3 e1=Q+ 45. Rxe1 Rxe1
46. Kf4 Rf1+ 0-1

[Event "DEM U10"]
[Site "Willingen"]
[Date "2006.06.07"]
[Round "8.39"]
[White "Bakalarz, Bianca"]
[Black "Rahimi, Anita"]
[Result "0-1"]
[WhiteElo "1033"]
[BlackElo "849"]
[PlyCount "44"]
[EventDate "2006.??.??"]
[EventType "swiss"]
[EventRounds "11"]
[EventCountry "GER"]

1. e4 c5 2. Nf3 a6 3. d4 cxd4 4. Nxd4 Nf6 5. Nc3 e5 6. Nf3 d6 7. Be2 Be7 8. O-O
Nc6 9. h3 O-O 10. Be3 h6 11. Qd2 b5 12. a3 Bb7 13. Bd3 Rc8 14. b4 Kh8 15. Kh1
Qd7 16. Qc1 Nd8 17. Ne2 Bxe4 18. Ng3 Bxd3 19. Bxh6 gxh6 20. Qxh6+ Nh7 21. Nh5
Rg8 22. cxd3 Qe6 0-1

[Event "DEM U10"]
[Site "Willingen"]
[Date "2006.06.07"]
[Round "8.40"]
[White "Kuckling, Hannah"]
[Black "Priese, Annika"]
[Result "0-1"]
[WhiteElo "876"]
[BlackElo "1000"]
[PlyCount "120"]
[EventDate "2006.??.??"]
[EventType "swiss"]
[EventRounds "11"]
[EventCountry "GER"]

1. e4 c5 2. d4 cxd4 3. c3 dxc3 4. Nxc3 d6 5. Nf3 Nf6 6. Bc4 e6 7. O-O Be7 8.
Bg5 Bd7 9. e5 dxe5 10. Nxe5 O-O 11. Bb3 Qc7 12. Nf3 Bc6 13. Bc2 Rd8 14. Qe2
Nbd7 15. Rad1 Nf8 16. Rxd8 Rxd8 17. Rd1 Bxf3 18. Qxf3 Rxd1+ 19. Qxd1 Qe5 20.
Bxf6 Bxf6 21. g3 Be7 22. Qf3 b6 23. Qb7 Bc5 24. Nd1 Qe2 25. Bb3 b5 26. Qa6 Bd4
27. a4 Qe1+ 28. Kg2 Qe4+ 29. Kg1 Qe1+ 30. Kg2 f5 31. Qxb5 Qe4+ 32. Kg1 f4 33.
gxf4 Qxf4 34. Qc6 Qg4+ 35. Qg2 Qe2 36. Qc6 Bb6 37. Qe8 Qe1+ 38. Kg2 Qe4+ 39.
Kg1 Qg4+ 40. Kf1 Qh3+ 41. Kg1 Qxb3 42. Ne3 Bxe3 43. fxe3 Qxe3+ 44. Kh1 Qc1+ 45.
Kg2 Qxb2+ 46. Kh1 Qc1+ 47. Kg2 Qb2+ 48. Kh1 Qf2 49. Qb5 e5 50. Qd5+ Kh8 51. Qd1
e4 52. h3 e3 53. Qd4 Qf1+ 54. Kh2 e2 55. Qg1 Qxg1+ 56. Kxg1 e1=Q+ 57. Kh2 Qf2+
58. Kh1 Ng6 59. h4 Nf4 60. h5 Qg2# 0-1

[Event "DEM U10"]
[Site "Willingen"]
[Date "2006.06.07"]
[Round "8.41"]
[White "Bajorski, Maria Sophie"]
[Black "Haryanto, Selina"]
[Result "0-1"]
[WhiteElo "818"]
[BlackElo "979"]
[PlyCount "62"]
[EventDate "2006.??.??"]
[EventType "swiss"]
[EventRounds "11"]
[EventCountry "GER"]

1. e4 e5 2. Nf3 Nc6 3. Bc4 Nf6 4. d4 Nxe4 5. O-O d5 6. Bb3 Bg4 7. h3 Bh5 8. Bg5
Nxg5 9. Qd3 Nxf3+ 10. Kh1 Nfxd4 11. Re1 Qd6 12. c3 e4 13. Qe3 Nf5 14. g4 Nxe3
15. Rxe3 Bg6 16. Nd2 Be7 17. Rd1 Qe5 18. Nf3 Qd6 19. Rxd5 Qf6 20. Nd2 Qxf2 21.
Nc4 b5 22. Rd2 Qf1+ 23. Kh2 bxc4 24. Bc2 Bd6+ 25. Rxd6 cxd6 26. Ba4 Rc8 27. Rg3
O-O 28. Rg1 Qf4+ 29. Kh1 e3 30. Re1 Be4+ 31. Kg1 Qf2# 0-1

[Event "DEM U10"]
[Site "Willingen"]
[Date "2006.06.07"]
[Round "8.42"]
[White "Michalik, Marina"]
[Black "Srokovskiy, Andrea"]
[Result "1-0"]
[WhiteElo "834"]
[BlackElo "940"]
[PlyCount "31"]
[EventDate "2006.??.??"]
[EventType "swiss"]
[EventRounds "11"]
[EventCountry "GER"]

1. e4 e5 2. Nf3 Nc6 3. d4 exd4 4. Nxd4 Nf6 5. Nxc6 bxc6 6. e5 Nd5 7. c4 Nb6 8.
b3 d5 9. cxd5 Nxd5 10. Bc4 Bb4+ 11. Bd2 Qg5 12. Qe2 Nf4 13. Qf3 Bxd2+ 14. Nxd2
Bb7 15. O-O Qxe5 16. Rfe1 1-0

[Event "DEM U10"]
[Site "Willingen"]
[Date "2006.06.07"]
[Round "8.43"]
[White "Nitzsche, Pia"]
[Black "Geise, Maria"]
[Result "1-0"]
[WhiteElo "1012"]
[BlackElo "942"]
[PlyCount "41"]
[EventDate "2006.??.??"]
[EventType "swiss"]
[EventRounds "11"]
[EventCountry "GER"]

1. e4 c5 2. Nf3 a6 3. d4 cxd4 4. Nxd4 e6 5. Nc3 Qc7 6. Be3 Nf6 7. f3 b5 8. Qd2
Nc6 9. O-O-O Bc5 10. g4 Rb8 11. h4 Bb4 12. h5 Bxc3 13. Qxc3 a5 14. Nxb5 Qd8 15.
Nd6+ Kf8 16. Bc5 Kg8 17. Be2 Qc7 18. g5 Nxh5 19. Rxh5 Bb7 20. f4 f5 21. gxf6
1-0

[Event "DEM U10"]
[Site "Willingen"]
[Date "2006.06.07"]
[Round "8.44"]
[White "Schumacher, Wendy"]
[Black "Pannier, Lukas"]
[Result "1-0"]
[WhiteElo "880"]
[BlackElo "994"]
[PlyCount "73"]
[EventDate "2006.??.??"]
[EventType "swiss"]
[EventRounds "11"]
[EventCountry "GER"]

1. d4 d5 2. c3 e6 3. Nf3 Nf6 4. Bf4 Be7 5. e3 O-O 6. Nbd2 b6 7. Bd3 Nbd7 8. O-O
Bb7 9. Qc2 c5 10. b3 cxd4 11. exd4 Rc8 12. a3 Re8 13. Rfe1 a5 14. Ng5 Nf8 15.
Be5 Ng6 16. Bxg6 fxg6 17. Nxe6 Qd7 18. Ng5 Bd6 19. Ndf3 Ng4 20. h3 Nf6 21. Nh4
Re7 22. Re2 Rce8 23. Ngf3 Ba6 24. c4 dxc4 25. bxc4 Rc8 26. Nd2 Qe8 27. Rae1
Bxa3 28. Qa2 Bd6 29. c5+ Re6 30. d5 Rxe5 31. Rxe5 Bxe5 32. Nhf3 Rxc5 33. Rxe5
Rc1+ 34. Kh2 Qd8 35. d6+ Kf8 36. Ng5 Qd7 37. Re7 1-0

[Event "DEM U10"]
[Site "Willingen"]
[Date "2006.06.07"]
[Round "8.45"]
[White "Schrötter, Luisa"]
[Black "Steimbach, Isabel"]
[Result "0-1"]
[WhiteElo "748"]
[BlackElo "975"]
[PlyCount "80"]
[EventDate "2006.??.??"]
[EventType "swiss"]
[EventRounds "11"]
[EventCountry "GER"]

1. e4 e5 2. Nf3 Nc6 3. Bc4 Nf6 4. d3 Bc5 5. Nc3 d6 6. Bg5 h6 7. Bxf6 Qxf6 8.
Nd5 Qd8 9. c3 Na5 10. b4 Nxc4 11. dxc4 c6 12. bxc5 cxd5 13. Qxd5 Qa5 14. O-O
O-O 15. Qxd6 Qxc3 16. Rac1 Qb2 17. Qd5 Be6 18. Qd1 Qxa2 19. Nxe5 f6 20. Ra1 Qb2
21. Nd3 Qd4 22. Nf4 Qxe4 23. Nxe6 Qxe6 24. Rc1 Rfd8 25. Qh5 a5 26. Rfe1 Qa6 27.
Red1 a4 28. Rxd8+ Rxd8 29. Rd1 Rxd1+ 30. Qxd1 Qxc4 31. h3 a3 32. Qd8+ Kh7 33.
Qa8 a2 34. Qa3 Qc2 35. f3 Qd1+ 36. Kf2 a1=Q 37. Qxa1 Qxa1 38. f4 Qd4+ 39. Kf3
Qxc5 40. f5 Qxf5+ 0-1

[Event "DEM U10"]
[Site "Willingen"]
[Date "2006.06.07"]
[Round "8.48"]
[White "Schreiber, Justina"]
[Black "Klemm, Lisa-Marie"]
[Result "1-0"]
[WhiteElo "855"]
[BlackElo "795"]
[PlyCount "109"]
[EventDate "2006.??.??"]
[EventType "swiss"]
[EventRounds "11"]
[EventCountry "GER"]

1. e4 e5 2. Bc4 Nf6 3. d3 h6 4. Be3 Nc6 5. Nc3 d6 6. Nge2 Be7 7. Qd2 Ng4 8. h3
Nxe3 9. Qxe3 Bg5 10. Qg3 Nb4 11. O-O O-O 12. f4 Bf6 13. fxe5 Bxe5 14. Qg6 Be6
15. Bxe6 fxe6 16. Qxe6+ Kh8 17. a3 Nxc2 18. Rac1 Nd4 19. Nxd4 Bxd4+ 20. Kh1
Rxf1+ 21. Rxf1 Qh4 22. Nd5 Be5 23. d4 Bg3 24. Ne7 Re8 25. Ng6+ Kh7 26. Nxh4
Rxe6 27. Nf5 Rxe4 28. Nxg3 Rxd4 29. Rf7 Rd1+ 30. Kh2 d5 31. Rxc7 d4 32. Rd7 d3
33. Nf5 Kg6 34. Nd4 d2 35. Nf3 Rf1 36. Rxd2 Kf5 37. Rd7 g5 38. Nd4+ Ke5 39.
Nf3+ Kf5 40. Rxb7 h5 41. Rxa7 g4 42. hxg4+ hxg4 43. Nd2 Rf2 44. Nc4 Kf4 45.
Rf7+ Kg5 46. Rxf2 Kh4 47. g3+ Kg5 48. b4 Kg6 49. b5 Kg7 50. b6 Kg6 51. b7 Kg7
52. b8=Q Kg6 53. Ne5+ Kg7 54. Qf8+ Kh7 55. Rf7# 1-0

[Event "DEM U10"]
[Site "Willingen"]
[Date "2006.06.07"]
[Round "8.49"]
[White "Grzeca, Carmen"]
[Black "Garbere, Diana"]
[Result "1/2-1/2"]
[WhiteElo "858"]
[BlackElo "769"]
[PlyCount "53"]
[EventDate "2006.??.??"]
[EventType "swiss"]
[EventRounds "11"]
[EventCountry "GER"]

1. e4 e5 2. Nf3 Nc6 3. Nc3 Nf6 4. Nd4 Nxd4 5. Bc4 Nc6 6. O-O Nxe4 7. d3 Nxc3 8.
bxc3 Bd6 9. Qf3 O-O 10. Qg3 e4 11. Qe3 Qh4 12. h3 Bf4 13. Qxe4 Re8 14. Qxf4
Qxf4 15. Bxf4 d6 16. Rfe1 Rd8 17. Re3 Bd7 18. Rg3 Bf5 19. Bh6 Bg6 20. Bg5 Re8
21. Bd5 Re2 22. Rb1 Rxc2 23. d4 Re8 24. Bc4 Rxc3 25. Rxc3 Bxb1 26. Rb3 Bxa2 27.
Rc3 1/2-1/2

[Event "DEM U10"]
[Site "Willingen"]
[Date "2006.06.09"]
[Round "9.1"]
[White "Osmanodja, Filiz"]
[Black "Xu, Xianliang"]
[Result "1-0"]
[WhiteElo "1609"]
[BlackElo "1542"]
[PlyCount "79"]
[EventDate "2006.??.??"]
[EventType "swiss"]
[EventRounds "11"]
[EventCountry "GER"]

1. e4 d5 2. exd5 Qxd5 3. Nc3 Qa5 4. d4 c6 5. Nf3 Nf6 6. Bd2 Bf5 7. Bc4 e6 8.
Nd5 Qd8 9. Nxf6+ Qxf6 10. O-O Bd6 11. Re1 Nd7 12. Bb3 O-O 13. c4 Bg4 14. Re3
Bf4 15. Rd3 Bd6 16. d5 Ne5 17. Bc3 Qf4 18. Bxe5 Bxe5 19. h3 Bxf3 20. Rxf3 Qh2+
21. Kf1 Qh1+ 22. Ke2 Qxd1+ 23. Bxd1 cxd5 24. cxd5 exd5 25. Rb3 Rfe8 26. Kd3 b6
27. Bf3 Rad8 28. Rb5 Kf8 29. Kc2 Rc8+ 30. Kb3 Rcd8 31. Rxd5 Rxd5 32. Bxd5 Ke7
33. Re1 Kd6 34. Bxf7 Rf8 35. f4 Bxf4 36. Bc4 Bg3 37. Rd1+ Ke7 38. Rd3 Bd6 39.
Re3+ Kf6 40. Re6+ 1-0

[Event "DEM U10"]
[Site "Willingen"]
[Date "2006.06.09"]
[Round "9.2"]
[White "Moritz, Aron"]
[Black "Noe, Christopher"]
[Result "0-1"]
[WhiteElo "1237"]
[BlackElo "1555"]
[PlyCount "112"]
[EventDate "2006.??.??"]
[EventType "swiss"]
[EventRounds "11"]
[EventCountry "GER"]

1. e4 e5 2. Nf3 Nc6 3. Bb5 a6 4. Bxc6 dxc6 5. O-O f6 6. d3 Be6 7. Be3 Qd7 8.
Qe2 O-O-O 9. Nc3 g5 10. Na4 h5 11. h4 g4 12. Nd2 Bd6 13. Nb3 Bxb3 14. axb3 Ne7
15. Nc5 Bxc5 16. Bxc5 Ng6 17. g3 Qf7 18. Ra3 Kd7 19. c3 Ke8 20. Rd1 Qe6 21. Be3
Kf7 22. d4 Kg7 23. Qc4 Qxc4 24. bxc4 exd4 25. cxd4 Ne5 26. b3 Nf3+ 27. Kh1 Rhe8
28. Bf4 Rxe4 29. Raa1 Rdxd4 30. Bxc7 Re2 31. Rf1 Rdd2 32. Bb6 Kg6 33. Rad1 Rxd1
34. Rxd1 Re1+ 35. Rxe1 Nxe1 36. Be3 Nc2 37. Bd2 Kf5 38. Kg2 Ke4 39. Ba5 Nd4 40.
b4 Kd3 41. c5 Nb3 42. f3 f5 43. Kf2 Nxa5 44. bxa5 Kd2 45. fxg4 fxg4 46. Kf1 Ke3
47. Ke1 Kf3 48. Kf1 Kxg3 49. Kg1 Kxh4 50. Kh1 g3 51. Kg2 Kg4 52. Kg1 h4 53. Kg2
h3+ 54. Kg1 Kf3 55. Kh1 g2+ 56. Kg1 h2+ 0-1

[Event "DEM U10"]
[Site "Willingen"]
[Date "2006.06.09"]
[Round "9.3"]
[White "Möhn, Hans"]
[Black "Gamisch, Laura"]
[Result "1-0"]
[WhiteElo "1580"]
[BlackElo "1226"]
[PlyCount "169"]
[EventDate "2006.??.??"]
[EventType "swiss"]
[EventRounds "11"]
[EventCountry "GER"]

1. e4 c5 2. Nf3 e6 3. d4 cxd4 4. Nxd4 Nc6 5. Nc3 Bb4 6. Be3 Nf6 7. Bd3 O-O 8.
O-O Bxc3 9. bxc3 d5 10. exd5 Nxd5 11. Nxc6 bxc6 12. Bc5 Re8 13. c4 Nc3 14. Qd2
Na4 15. Ba3 Ba6 16. Rad1 Nb6 17. Qa5 Qc8 18. Qc3 Bb7 19. Rfe1 a5 20. Qb3 Nd7
21. Bxh7+ Kxh7 22. Qd3+ Kg8 23. Qxd7 Qxd7 24. Rxd7 Ba6 25. c5 Bc4 26. Rd6 Bd5
27. Rc1 Bxa2 28. Rxc6 Rec8 29. Rxc8+ Rxc8 30. Rd1 Bd5 31. f3 f5 32. Kf2 Kf7 33.
Ke3 Ke7 34. g3 g6 35. f4 Kf7 36. Kd4 Kf6 37. c4 Ba8 38. Kc3 Kg7 39. Rd6 Rc6 40.
Rd7+ Kh6 41. Ra7 Rc8 42. Rxa5 Kh5 43. Ra6 Bc6 44. Kd4 Kg4 45. Ke5 Kh3 46. Kxe6
Kxh2 47. Kd6 Be4 48. Kd7 Rg8 49. c6 Kxg3 50. c7 Bb7 51. Rb6 Bc8+ 52. Kc6 Kxf4
53. Be7 Kg4 54. Rb8 f4 55. Rxc8 Rxc8 56. Kb7 Rxc7+ 57. Kxc7 f3 58. Bc5 Kf5 59.
Bf2 g5 60. Kb7 g4 61. Bg3 Ke4 62. c5 Ke3 63. c6 f2 64. Bxf2+ Kxf2 65. c7 g3 66.
c8=Q g2 67. Qf5+ Ke2 68. Qe4+ Kf2 69. Qf4+ Ke2 70. Qg3 Kf1 71. Qf3+ Kg1 72. Kc6
Kh1 73. Qh3+ Kg1 74. Kd5 Kf2 75. Qf5+ Ke1 76. Qg4 Kf2 77. Qf4+ Ke2 78. Qg3 Kf1
79. Qf3+ Kg1 80. Ke4 Kh2 81. Qh5+ Kg3 82. Qg5+ Kh2 83. Qh4+ Kg1 84. Kf3 Kf1 85.
Qf2# 1-0

[Event "DEM U10"]
[Site "Willingen"]
[Date "2006.06.09"]
[Round "9.4"]
[White "Kyas, Philipp"]
[Black "Wagner, Dennis"]
[Result "1/2-1/2"]
[WhiteElo "1506"]
[BlackElo "1225"]
[PlyCount "81"]
[EventDate "2006.??.??"]
[EventType "swiss"]
[EventRounds "11"]
[EventCountry "GER"]

1. d4 d5 2. Nf3 Nf6 3. Bf4 c5 4. dxc5 e6 5. e3 Bxc5 6. a3 Nc6 7. c4 Qa5+ 8.
Nbd2 Qd8 9. b4 Be7 10. Nb3 h6 11. Be2 Bd6 12. Bxd6 Qxd6 13. c5 Qc7 14. Nfd4
Nxd4 15. Nxd4 O-O 16. O-O Bd7 17. Nb5 Bxb5 18. Bxb5 a5 19. Qd3 Ra7 20. Rfc1
Rfa8 21. bxa5 Rxa5 22. a4 Ng4 23. f4 Nf6 24. c6 bxc6 25. Rxc6 Qb7 26. Rac1 Ne4
27. Rc7 Qb8 28. Qb3 R5a7 29. Rxa7 Rxa7 30. Qb4 Rb7 31. Qd4 Rc7 32. Rb1 Qc8 33.
h3 Rc1+ 34. Rxc1 Qxc1+ 35. Bf1 Ng3 36. Qd3 Nxf1 37. Qxf1 Qxe3+ 38. Qf2 Qc1+ 39.
Kh2 Qc4 40. a5 Qa4 41. Qd2 1/2-1/2

[Event "DEM U10"]
[Site "Willingen"]
[Date "2006.06.09"]
[Round "9.5"]
[White "Stahnecker, Ludwig"]
[Black "Große, Christian"]
[Result "0-1"]
[WhiteElo "1447"]
[BlackElo "1552"]
[PlyCount "106"]
[EventDate "2006.??.??"]
[EventType "swiss"]
[EventRounds "11"]
[EventCountry "GER"]

1. e4 c5 2. Nf3 Nc6 3. d4 cxd4 4. Nxd4 Nf6 5. Nc3 e5 6. Ndb5 d6 7. Bg5 a6 8.
Na3 b5 9. Nd5 Be7 10. Bd3 Nxd5 11. exd5 Bxg5 12. dxc6 O-O 13. O-O Be6 14. Re1
Rc8 15. Qe2 f5 16. c3 Re8 17. f3 Qb6+ 18. Kh1 Qxc6 19. Nxb5 axb5 20. Bxb5 Qb6
21. Bxe8 Rxe8 22. b3 Bf6 23. Rac1 Qa5 24. c4 Ra8 25. Rc2 g6 26. Rd1 Qc5 27. Qd2
Rd8 28. Qe1 e4 29. Re2 d5 30. cxd5 Bxd5 31. fxe4 Bxe4 32. Rxd8+ Bxd8 33. Rd2
Ba5 34. h3 Bxd2 35. Qxd2 Qd5 36. Qxd5+ Bxd5 37. Kg1 Kf7 38. Kf2 Ke6 39. g3 Be4
40. Ke3 Ke5 41. b4 g5 42. a4 Bc2 43. a5 Kd5 44. h4 h6 45. hxg5 hxg5 46. a6 Kc6
47. b5+ Kb6 48. Kf3 Bd3 49. Ke3 Bxb5 50. Kd4 Bxa6 51. Ke5 Bc8 52. Kd5 Kb5 53.
Kd4 Kb4 0-1

[Event "DEM U10"]
[Site "Willingen"]
[Date "2006.06.09"]
[Round "9.6"]
[White "Azizi, Nassim"]
[Black "Blübaum, Matthias"]
[Result "1/2-1/2"]
[WhiteElo "1331"]
[BlackElo "1475"]
[PlyCount "77"]
[EventDate "2006.??.??"]
[EventType "swiss"]
[EventRounds "11"]
[EventCountry "GER"]

1. e4 e6 2. f4 d5 3. e5 c5 4. c3 Nc6 5. Nf3 Qb6 6. d4 cxd4 7. cxd4 Nh6 8. Nc3
Nf5 9. Bb5 Bd7 10. Bxc6 Bxc6 11. O-O Bb4 12. Kh1 O-O 13. a3 Bxc3 14. bxc3 Bd7
15. Bd2 Qc7 16. Qc2 Rfc8 17. Qb2 b6 18. Rfc1 Qc4 19. Qb4 Rc7 20. Qxc4 Rxc4 21.
Rab1 Ra4 22. Ra1 Ne7 23. Ra2 Nc6 24. Rb1 Na5 25. Rb4 Nc4 26. Rxa4 Bxa4 27. Ra1
Rc8 28. Be1 Ne3 29. Bd2 Nc2 30. Ra2 a5 31. Ne1 Nxe1 32. Bxe1 Kf8 33. Rb2 b5 34.
Kg1 Ke7 35. Kf2 f6 36. Ke3 f5 37. Kd2 h6 38. Bh4+ Kf7 39. Be1 1/2-1/2

[Event "DEM U10"]
[Site "Willingen"]
[Date "2006.06.09"]
[Round "9.7"]
[White "Rührmund, Daniel"]
[Black "Galkin, Wladislaw"]
[Result "0-1"]
[WhiteElo "1470"]
[BlackElo "1457"]
[PlyCount "180"]
[EventDate "2006.??.??"]
[EventType "swiss"]
[EventRounds "11"]
[EventCountry "GER"]

1. e4 c5 2. Nf3 Nc6 3. d4 cxd4 4. Nxd4 e6 5. Nc3 a6 6. Nxc6 bxc6 7. Be2 Qc7 8.
O-O Nf6 9. f4 d6 10. Kh1 Be7 11. Bf3 Bd7 12. Be3 O-O 13. Qd3 Rab8 14. Rab1 a5
15. Rfd1 Rfd8 16. Bd4 c5 17. Be3 Bc6 18. Qe2 Bf8 19. Qf2 Qb7 20. Rd2 Bxe4 21.
Nxe4 Nxe4 22. Bxe4 Qxe4 23. b3 a4 24. Rbd1 axb3 25. cxb3 Qa8 26. Qh4 f6 27. Qf2
Be7 28. h3 Rbc8 29. Rc2 Qb7 30. Kh2 Ra8 31. Qe2 e5 32. Qc4+ Kh8 33. fxe5 fxe5
34. Rcd2 Rab8 35. Kh1 Qc7 36. Qe4 Rb7 37. Qg4 Qc6 38. Qc4 Rbd7 39. Qe6 Qc7 40.
Rd3 Qa7 41. R3d2 Qb6 42. Kh2 Bf8 43. Bg5 h6 44. Bxd8 Qxd8 45. a4 Qe7 46. Qxe7
Bxe7 47. Kg3 Rb7 48. Rd3 Rb4 49. Rc1 e4 50. Rdc3 Bf6 51. Rc4 Rxb3+ 52. Kh2 e3
53. Re1 Bd4 54. Re2 Ra3 55. Kg3 d5 56. Rcc2 Rxa4 57. Ra2 Be5+ 58. Kf3 Rxa2 59.
Rxa2 d4 60. Ra5 Bd6 61. Ra6 Bf8 62. Ke2 Kg8 63. Ra8 Kf7 64. Kd3 Be7 65. Ra7 Ke6
66. g4 c4+ 67. Kxc4 e2 68. Ra1 Bh4 69. Kxd4 e1=Q 70. Rxe1+ Bxe1 71. Ke4 Bh4 72.
Kf4 g6 73. Ke4 g5 74. Kd4 Bf2+ 75. Ke4 Bg1 76. Kf3 Ke5 77. Kg3 Ke4 78. h4 Ba7
79. Kh3 Kf3 80. hxg5 hxg5 81. Kh2 Kxg4 82. Kg2 Bb6 83. Kh2 Kf3 84. Kh1 g4 85.
Kh2 g3+ 86. Kh3 g2 87. Kh4 g1=Q 88. Kh5 Bd4 89. Kh6 Qg4 90. Kh7 Qg7# 0-1

[Event "DEM U10"]
[Site "Willingen"]
[Date "2006.06.09"]
[Round "9.8"]
[White "Abdelrasek, Ahmed"]
[Black "Eigemann, Frederik"]
[Result "1/2-1/2"]
[WhiteElo "1418"]
[BlackElo "1372"]
[PlyCount "106"]
[EventDate "2006.??.??"]
[EventType "swiss"]
[EventRounds "11"]
[EventCountry "GER"]

1. e4 e6 2. d4 d5 3. Nc3 Bb4 4. Qg4 g6 5. e5 Bd7 6. Bg5 Be7 7. Bd2 c5 8. Nge2
Nc6 9. Be3 cxd4 10. Bxd4 Nxd4 11. Nxd4 Qb6 12. Nb3 Bb4 13. Qd4 Qxd4 14. Nxd4
Bxc3+ 15. bxc3 Ne7 16. Kd2 O-O 17. Bd3 Nc6 18. f4 a6 19. Rab1 Ra7 20. Nxc6 Bxc6
21. Rb6 Rd8 22. Rg1 Rc8 23. Rgb1 d4 24. cxd4 Bxg2 25. c4 Kf8 26. c5 Ke8 27. Bc2
Bc6 28. Ke3 Kd7 29. a4 Rc7 30. a5 Kc8 31. Be4 Bxe4 32. Kxe4 Kd8 33. Rd6+ Rd7
34. Rxd7+ Kxd7 35. Rb6 Kc7 36. Kf3 Ra8 37. Kg4 h6 38. h4 Rd8 39. Rd6 Rd7 40. h5
Rxd6 41. exd6+ Kd7 42. Kf3 Kc6 43. hxg6 fxg6 44. Ke4 h5 45. Ke5 Kd7 46. d5 exd5
47. Kxd5 Kd8 48. f5 gxf5 49. Ke5 h4 50. Kf4 Kd7 51. Kf3 Kc6 52. Kf4 Kd7 53. Kf3
Kc6 1/2-1/2

[Event "DEM U10"]
[Site "Willingen"]
[Date "2006.06.09"]
[Round "9.9"]
[White "Toker, David"]
[Black "Nöttling, Dominik"]
[Result "1-0"]
[WhiteElo "1118"]
[BlackElo "1503"]
[PlyCount "93"]
[EventDate "2006.??.??"]
[EventType "swiss"]
[EventRounds "11"]
[EventCountry "GER"]

1. d4 d5 2. c4 e6 3. cxd5 exd5 4. Nf3 Bf5 5. g3 Nf6 6. Bg2 Bb4+ 7. Bd2 Bxd2+ 8.
Nbxd2 O-O 9. O-O Nbd7 10. e3 c5 11. Re1 Rc8 12. Nh4 Bd3 13. Bf1 Bxf1 14. Rxf1
cxd4 15. exd4 Rc4 16. Nxc4 dxc4 17. Re1 Nb6 18. Ng2 Qd7 19. Ne3 Rd8 20. Qc2 Qc6
21. Nf5 Kf8 22. Rad1 Nbd5 23. Ne3 b5 24. Nxd5 Rxd5 25. Qe2 Qd7 26. a3 a5 27.
Qd2 a4 28. Re5 Rxe5 29. dxe5 Qxd2 30. Rxd2 Ne4 31. Rd5 b4 32. axb4 a3 33. bxa3
c3 34. Rd4 Nd2 35. Rd3 c2 36. Rc3 Nf3+ 37. Kf1 Nd4 38. Rc4 Ke7 39. b5 Nxb5 40.
Rxc2 Nxa3 41. Rc7+ Ke6 42. f4 Nb5 43. Rb7 Nd4 44. Kf2 Kf5 45. h3 f6 46. exf6
gxf6 47. Rxh7 1-0

[Event "DEM U10"]
[Site "Willingen"]
[Date "2006.06.09"]
[Round "9.10"]
[White "Günthner, Arthur"]
[Black "Urban, Lars"]
[Result "1/2-1/2"]
[WhiteElo "1674"]
[BlackElo "1265"]
[PlyCount "68"]
[EventDate "2006.??.??"]
[EventType "swiss"]
[EventRounds "11"]
[EventCountry "GER"]

1. d4 d5 2. c4 e6 3. Nc3 Nf6 4. cxd5 exd5 5. Bg5 h6 6. Bxf6 gxf6 7. e3 Bb4 8.
Nf3 Be6 9. Bd3 Rg8 10. g3 c6 11. Qb3 Bxc3+ 12. bxc3 Qb6 13. Rb1 Nd7 14. Qxb6
axb6 15. Rb2 Bh3 16. Nh4 Ra3 17. Rc2 Bg4 18. Bf5 h5 19. h3 Bxf5 20. Nxf5 Nf8
21. h4 Ne6 22. O-O Ng7 23. Nxg7+ Rxg7 24. Rb1 b5 25. Rb3 Rxb3 26. axb3 Kd7 27.
Ra2 Rg8 28. Ra7 Kc7 29. Kg2 Kb6 30. Ra2 c5 31. Kf3 Rc8 32. Kf4 cxd4 33. cxd4
Rc3 34. b4 Rb3 1/2-1/2

[Event "DEM U10"]
[Site "Willingen"]
[Date "2006.06.09"]
[Round "9.11"]
[White "Grewenig, Jan"]
[Black "Engshuber, Maximilian"]
[Result "1-0"]
[WhiteElo "1409"]
[BlackElo "1228"]
[PlyCount "61"]
[EventDate "2006.??.??"]
[EventType "swiss"]
[EventRounds "11"]
[EventCountry "GER"]

1. e4 e5 2. Nf3 Nc6 3. d4 exd4 4. Nxd4 Bc5 5. Nxc6 Qf6 6. Qd2 dxc6 7. Nc3 Be6
8. Qf4 O-O-O 9. Bd3 Qg6 10. Be3 Bb4 11. Bxa7 Qxg2 12. O-O-O Qg4 13. Qe5 f6 14.
Qg3 Qxg3 15. hxg3 Bxc3 16. bxc3 Ne7 17. a3 Ng6 18. f4 Bf7 19. e5 fxe5 20. Bf5+
Rd7 21. Rxd7 b6 22. Rxf7+ Kb7 23. Bxg6 Kxa7 24. Rxh7 Rxh7 25. Bxh7 Kb7 26. fxe5
c5 27. e6 c4 28. e7 g5 29. e8=Q g4 30. Be4+ Ka6 31. Qa4# 1-0

[Event "DEM U10"]
[Site "Willingen"]
[Date "2006.06.09"]
[Round "9.12"]
[White "Bluhm, Sonja Maria"]
[Black "Müller, Georg"]
[Result "0-1"]
[WhiteElo "963"]
[BlackElo "1402"]
[PlyCount "74"]
[EventDate "2006.??.??"]
[EventType "swiss"]
[EventRounds "11"]
[EventCountry "GER"]

1. e4 e5 2. Nf3 Nc6 3. Bc4 Nf6 4. d3 Bc5 5. c3 d5 6. exd5 Nxd5 7. O-O O-O 8.
Re1 Re8 9. Be3 Bb6 10. d4 Bg4 11. Na3 e4 12. h3 Bh5 13. g4 Bxg4 14. hxg4 exf3
15. Qxf3 Nce7 16. Nc2 Rf8 17. Bb3 Qd7 18. c4 Nf6 19. g5 Ne8 20. Bd2 c6 21. c5
Bc7 22. Re2 Ng6 23. Rae1 Nh4 24. Qh1 Qg4+ 25. Kf1 Nf3 26. Rd1 Nxd2+ 27. Rexd2
Qxg5 28. Rd3 Nf6 29. Re1 Rfe8 30. Rde3 Rxe3 31. Nxe3 Qf4 32. Nc2 g6 33. Re7 Nh5
34. Qe4 Ng3+ 35. Kg1 Nxe4 36. Nb4 Qxf2+ 37. Kh1 Ng3# 0-1

[Event "DEM U10"]
[Site "Willingen"]
[Date "2006.06.09"]
[Round "9.13"]
[White "Carmesin, Matthias"]
[Black "Bokemaer, David"]
[Result "1-0"]
[WhiteElo "1379"]
[BlackElo "1222"]
[PlyCount "85"]
[EventDate "2006.??.??"]
[EventType "swiss"]
[EventRounds "11"]
[EventCountry "GER"]

1. e4 e5 2. Nf3 Nc6 3. Bb5 a6 4. Ba4 Nf6 5. O-O b5 6. Bb3 Bc5 7. Re1 Bb7 8. c3
d6 9. d4 Bb6 10. d5 Ne7 11. a4 O-O 12. Nbd2 Ng6 13. Nf1 Ng4 14. Re2 Nh4 15.
N1d2 Qf6 16. h3 Nh6 17. Nxh4 Qxh4 18. Nf3 Qf6 19. Qd3 c5 20. dxc6 Bxc6 21. Bg5
Qg6 22. Bd5 Bxd5 23. Qxd5 Rac8 24. Be7 Rfe8 25. Qxd6 Qxd6 26. Bxd6 f6 27. axb5
axb5 28. Rd1 Rcd8 29. Red2 Re6 30. Ba3 Rxd2 31. Rxd2 Nf7 32. Kf1 Nd8 33. Rd5
Nb7 34. Rxb5 Na5 35. Nd2 Bc7 36. Rd5 Nc6 37. Ke2 h6 38. f3 Kh7 39. Nf1 Kg6 40.
Ne3 Kg5 41. Rd7 Bb6 42. Rxg7+ Kh4 43. Nf5+ 1-0